<El> Espacio en la cultura latinoamericana conformación - percepción - interpretación

Saved in:
Bibliographic Details
Other Authors: Dembicz, Andrzej, Lisocka-Jaegermann, Bogumila
Format: Book
Language:Spanish
Published: Varsovia Centro de Estudios Latinoamericanos, Universidad de Varsovia 1996
Subjects:
Tags: Add Tag
No Tags, Be the first to tag this record!

MARC

LEADER 00000nam$a2200000$$$4500
001 0034948
005 20240104132633.7
020 |a 83-85620-26-5 
041 0 |a spa 
044 |a PL 
245 1 0 |a <El> Espacio en la cultura latinoamericana  |b conformación - percepción - interpretación  |c Editores: Andrzej Dembicz, Bogumila Lisocka-Jaegermann 
264 1 |a Varsovia  |b Centro de Estudios Latinoamericanos, Universidad de Varsovia  |c 1996 
300 |a 37 s. 
610 2 0 |a kultúra 
610 2 0 |a diskusia 
610 2 0 |a prejavy 
610 2 0 |a regióny 
610 2 0 |a projekty 
610 2 0 |a spolupráca cezhraničná 
610 2 0 |a spolupráca kultúrna 
610 2 0 |a politika sociálna 
610 2 0 |a potreby sociálne 
610 2 0 |a štýl životný 
610 2 0 |a Latinská Amerika 
700 1 |a Dembicz, Andrzej 
700 1 |a Lisocka-Jaegermann, Bogumila